00788nam a2200253 i 4500001001000000003000900010005001700019007000300036008004100039020001800080040003000098041000800128082002500136100004000161245004000201246003300241264005300274300002800327336002700355337003300382338002800415610004200443650004900485000018007DO-SdBNP20260527074041.0ta100409s2010 dr 000 0 spa d a9789945424508 aDO-SdBNPbspacBNPHUerda aspa 4a324.27293bR696p222 aRodríguez, Formerio,eautor4aut.10aPelótica /cFormerio Rodríguez.14bMargarita no pierde de nadie 1aSanto Domingo :bEditora El Nuevo Diario,c2012. a128 páginas ;c21 cm. atextobtxt2rdacontent asin mediaciónbn2rdamedia avolumenbnc2rdacarrier aPartido de la Liberación Dominicana 0aPartidos políticoszRepública Dominicana